Everest : (Record no. 2332)

MARC details
000 -LEADER
fixed length control field 01539cam a22003014a 4500
005 - DATE AND TIME OF LATEST TRANSACTION
control field 20241120110135.0
020 ## - INTERNATIONAL STANDARD BOOK NUMBER
International Standard Book Number 0439267072
020 ## - INTERNATIONAL STANDARD BOOK NUMBER
International Standard Book Number 078073003990
040 ## - CATALOGING SOURCE
Original cataloging agency DLC
Transcribing agency DLC
Modifying agency DLC
Language of cataloging eng
050 00 - LIBRARY OF CONGRESS CALL NUMBER
Classification number GV199.9
Item number .M39 2002
082 00 - DEWEY DECIMAL CLASSIFICATION NUMBER
Classification number 796.52/2/092
-- B
Edition number 21
100 1# - MAIN ENTRY--PERSONAL NAME
Personal name Masoff, Joy
Dates associated with a name 1951-
245 10 - TITLE STATEMENT
Title Everest :
Remainder of title reaching for the sky /
Statement of responsibility, etc. Joy Masoff.
250 ## - EDITION STATEMENT
Edition statement First trade printing, September 2002
260 ## - PUBLICATION, DISTRIBUTION, ETC.
Place of publication, distribution, etc. New York :
Name of publisher, distributor, etc. Scholastic,
Date of publication, distribution, etc. 2002
300 ## - PHYSICAL DESCRIPTION
Extent 48 pages :
Other physical details illustrations
Dimensions 23 cm
505 ## - FORMATTED CONTENTS NOTE
Formatted contents note Z <br/>
520 ## - SUMMARY, ETC.
Summary, etc. Read about the perilous quest to reach the summit of the tallest mountain on Earth. The Scholastic History Readers series was created especially to bring history to life for beginning readers. This book introduces readers to Edmund Hillary and Tenzing Norgay--the first men to reach the peak of Mount Everest. Difficult climbing conditions on Everest--rough terrain, cold temperatures, and high altitude-- are explained. Various types of climbing equipment are discussed, as well. Reaction to the conquest of Everest came from all around the world. Hillary and Norgay both used their fame to improve conditions for the people of Nepal.
521 ## - TARGET AUDIENCE NOTE
Target audience note 920 <br/>
Source Lexile <br/>
521 ## - TARGET AUDIENCE NOTE
Target audience note Z <br/>
Source Raz-Plus <br/>
650 #0 - SUBJECT ADDED ENTRY--TOPICAL TERM
Topical term or geographic name entry element Mountaineers
Geographic subdivision New Zealand
Form subdivision Biography
-- Juvenile literature.
650 #0 - SUBJECT ADDED ENTRY--TOPICAL TERM
Topical term or geographic name entry element Mountaineers
Geographic subdivision Nepal
Form subdivision Biography
-- Juvenile literature.
650 #1 - SUBJECT ADDED ENTRY--TOPICAL TERM
Topical term or geographic name entry element Mountaineers.
650 #1 - SUBJECT ADDED ENTRY--TOPICAL TERM
Topical term or geographic name entry element Mountaineering.
906 ## - LOCAL DATA ELEMENT F, LDF (RLIN)
a 7
b cbc
c orignew
d 1
e ocip
f 20
g y-gencatlg
942 ## - ADDED ENTRY ELEMENTS (KOHA)
Source of classification or shelving scheme Dewey Decimal Classification
Koha item type Books
Suppress in OPAC No
999 ## -
-- 2332
-- 2332
Holdings
Withdrawn status Lost status Source of classification or shelving scheme Damaged status Not for loan Collection Home library Current library Shelving location Date acquired Total Checkouts Full call number Barcode Date last seen Copy number Price effective from Koha item type
    Dewey Decimal Classification     Non-Fiction Footprints International School Library Network Toul Kork Campus Footprints International School Library Network Toul Kork Campus A TK Campus, 4th Floor, Room B401, Non-Fiction Bookcases(7-8) 07/19/2024   MAS 796.52/2/092 GV199.9 FISTK00815 11/17/2023 1 07/19/2024 Books
    Dewey Decimal Classification     Non-Fiction Footprints International School Library Network Toul Kork Campus Footprints International School Library Network Toul Kork Campus TTP Secondary Non-Fiction Bookshelves 07/19/2024   MAS 796.52/2/092 GV199.9 FIS04644 10/23/2024 2 07/19/2024 Books
    Dewey Decimal Classification     Non-Fiction Footprints International School Library Network Toul Kork Campus Footprints International School Library Network Toul Kork Campus A TK Campus, 4th Floor, Room B401, Non-Fiction Bookcases(7-8) 11/20/2024   MAS 796.52/2/092 GV199.9 FISTK00820 11/20/2024 3 11/20/2024 Books